Végzetes kombináció a bárpultnál akár agyvérzést is okozhat : Energiaital és alkohol
Elmentve itt :
| Dokumentumtípus: | Cikk |
|---|---|
| Megjelent: |
2009-06-16
|
| Sorozat: | Délmagyarország
99 No. 139 Gy |
| Kulcsszavak: | Egyetemi hallgatók, 2009 |
| Online Access: | http://dmarchiv.bibl.u-szeged.hu/128480 |
| LEADER | 00481nab a2200145 i 4500 | ||
|---|---|---|---|
| 001 | delm128480 | ||
| 005 | 20200206124130.0 | ||
| 008 | 200206s2009 hu o 0|| hun d | ||
| 040 | |a SZTE Délmagyarország Archívum |b hun | ||
| 041 | |a hun | ||
| 245 | 0 | 0 | |a Végzetes kombináció a bárpultnál |h [elektronikus dokumentum] : |b akár agyvérzést is okozhat : Energiaital és alkohol |
| 260 | |c 2009-06-16 | ||
| 300 | |a 8 | ||
| 490 | 0 | |a Délmagyarország |v 99 No. 139 Gy | |
| 695 | |a Egyetemi hallgatók, 2009 | ||